000 00800nmc a2200289 a 4500
003 AR-BaBNM
005 20251128210339.0
008 170020s1992 ||||||||||||||000 | spa||
020 _a950-808-011-6
040 _cAR-BaBNM
100 1 _aBaraldi, Clemencia
245 1 0 _aAprender
_bla aventura de soportar el equívoco
260 _aRosario
_bHomo Sapiens Ediciones
_c1992
300 0 _a142 p.
_bil.
490 0 _aPsicoanálisis
504 _aContiene bibliografía en notas al pie de página
650 4 _aPROCESO DE APRENDIZAJE
650 4 _aPSICOLOGIA DE LA EDUCACION
650 4 _aPSICOANALISIS
650 4 _aPSICOLOGIA DEL NINO
650 4 _aPSICOMOTRICIDAD
650 4 _aCONOCIMIENTO
650 4 _aINFORMATICA
653 0 _aPSICOPEDAGOGIA
942 _cBK
998 _cRaquel
999 _c15070
_d15070